Mobile and wireless systems beyond 3G : managing new business opportunities (Record no. 8163)
[ view plain ]
| 000 -LEADER | |
|---|---|
| fixed length control field | 00583 a2200169 4500 |
| 020 ## - INTERNATIONAL STANDARD BOOK NUMBER | |
| International Standard Book Number | 1591405440 |
| 020 ## - INTERNATIONAL STANDARD BOOK NUMBER | |
| International Standard Book Number | 159140570X |
| 040 ## - CATALOGING SOURCE | |
| Original cataloging agency | DLC |
| Language of cataloging | DLC |
| 082 ## - DEWEY DECIMAL CLASSIFICATION NUMBER | |
| Classification number | 621.382 |
| 245 00 - TITLE STATEMENT | |
| Title | Mobile and wireless systems beyond 3G : managing new business opportunities |
| Remainder of title | managing new business opportunities |
| Statement of responsibility, etc. | Margherita Pagani |
| 260 ## - PUBLICATION, DISTRIBUTION, ETC. | |
| Place of publication, distribution, etc. | Hershey PA : |
| Name of publisher, distributor, etc. | IRM Press, |
| Date of publication, distribution, etc. | c2005. |
| 300 ## - PHYSICAL DESCRIPTION | |
| Extent | xiii, 398 p. : |
| Other physical details | ill. ; |
| Dimensions | 26 cm. |
| 650 #0 - SUBJECT ADDED ENTRY--TOPICAL TERM | |
| Topical term or geographic name entry element | Cellular telephone services industry. |
| 650 #0 - SUBJECT ADDED ENTRY--TOPICAL TERM | |
| Topical term or geographic name entry element | Wireless communication systems. |
| 700 1# - ADDED ENTRY--PERSONAL NAME | |
| Personal name | Pagani, Margherita, |
| Dates associated with a name | 1971- |
| 942 ## - ADDED ENTRY ELEMENTS (KOHA) | |
| Koha item type | Book |
| Call number prefix | 621.382 PAG |
| Source of classification or shelving scheme | |
| Withdrawn status | Lost status | Damaged status | Not for loan | Collection code | Permanent Location | Current Location | Shelving location | Date acquired | Source of acquisition | Cost, normal purchase price | Total Checkouts | Full call number | Barcode | Date last seen | Price effective from | Koha item type |
|---|---|---|---|---|---|---|---|---|---|---|---|---|---|---|---|---|
| Central Library (CL) | Central Library (CL) | General Stacks | 01/08/2007 | Multi-Line Books | 5509.35 | 621.382 PAG | SEECS007951 | 10/31/2023 | 01/05/2017 | Book |
